Texto-Guia para la enseñanza de la aritmética

Gespeichert in:
Bibliographische Detailangaben
1. Verfasser: Piga, Arturo (VerfasserIn)
Format: Buch
Sprache:Spanisch
Erschienen: Santiago Editorial Universitaria 1930
Katalog:MANES:  Suchergebnis im Bibliothekskatalog
Schulbuchspezifische Eigenschaften:
Schlagworte:
Tags: Tag hinzufügen
Keine Tags, Fügen Sie den ersten Tag hinzu!
Hinzugefügt zu:07.03.2022
Geändert in:25.04.2025

MARC

LEADER 00000nam a22000007a 4500
005 20250425101527.0
008 220308b |||||||| |||| 00| 0 spa d
040 |a MGM 
100 |9 41708  |a Piga, Arturo  |e autor 
245 |a Texto-Guia para la enseñanza de la aritmética 
260 |a Santiago   |b Editorial Universitaria   |c 1930 
300 |a 154 p.  |c 18,5 x 13,5 cm.  
521 |a 1° año de humanidades  
546 |a Chile 
561 |5 cl-MGM  |3 T 510 P628t 1930 1°H  |a Chile. Museo Gabriela Mistral  |k MANES 
650 0 |a Matemáticas  |9 24 
655 |a Secundaria  |9 7 
942 |2 ddc  |c BK 
999 |c 99430  |d 99430 
999 |c manes:99430  |d 99430